000 00230nam a2200097 a 4500
005 20200930070854.0
008 110928s1995 000 spa d
245 0 _aconvergencia.
260 _aSanto Domingo,
_c1995.
999 _c33702
_d33702
040 _aDO-SdBNP